| 000 | 00722nam a2200229 u 4500 | ||
|---|---|---|---|
| 005 | 20230602063817.0 | ||
| 008 | 100611s1999 r 000 0 eng d | ||
| 020 | _a9680860638 | ||
| 035 | _aUPN01000176461 | ||
| 049 | _aCG | ||
| 050 | 4 |
_aPQ7297 A3.8 _bC5.3 1999 |
|
| 100 | 1 |
_aAltamirano, Ignacio Manuel, _d1834-1893 |
|
| 245 | 1 | 0 |
_aClemencia y La navidad en las montañas / _cIgnacio Manuel Altamirano ; ed. y pról. de Antonio Castro Leal. |
| 250 | _a7a ed. | ||
| 260 |
_aMéxico : _bPorrúa, _c1999. |
||
| 300 | _a296 p. | ||
| 440 | 0 |
_aEscritores mexicanos ; _v3 |
|
| 650 | 4 |
_aNovela mexicana _94557 |
|
| 650 | 4 |
_aLiteratura mexicana _ySiglo XIX _95396 |
|
| 740 | 3 | _aLa navidad en las montañas | |
| 905 | _aLibro | ||
| 999 |
_c148564 _d148564 |
||